000 00571nam a22001817a 4500
005 20251108164350.0
008 250721s1989 xx 000 0 ara d
082 1 4 _a411/اثي
100 1 _aالكاتب، ضياء الدين ...الأثير
245 1 0 _aالوشي المرقوم في حل المنظوم /
264 1 _aبغداد :
_bالمجمع العلمي العراقي،
_c1989.
300 _a262ص
650 1 7 _aاللغة العربية
650 1 7 _aالكتابة
700 1 _aسعيد، جميل
_eتحقيق
942 _2ddc
_cBK
999 _c10376
_d10376